000 00971nam a2200277 a 4500
001 1361
003 BD-RjUL
005 20211208233326.0
008 131125s1973 enk b 001 0 eng d
020 _a0041000374 (U.K.)
020 _a0391002856 (U.S.)
035 _a(BD-RjUL)1383
040 _aBD-RjUL
_beng
_cBD-RjUL
_dBD-RjUL
041 _aeng
082 0 4 _223
_a211.3
_bEWV 1973
100 1 _aEwing, A. C.
_q(Alfred Cyril),
_d1899-1973
_92825
245 1 0 _aValue and reality :
_bthe philosophical case for theism /
_cA.C. Ewing.
260 _aLondon :
_bAllen & Unwin ;
_aNew York :
_bHumanities Press,
_c1973.
300 _a292 p. ;
_c23 cm.
504 _aIncludes bibliographical references and index.
650 0 _aTheism
_94032
830 0 _aMuirhead library of philosophy
_9168867
856 _uhttp://www.worldcat.org/title/value-and-reality-the-philosophical-case-for-theism/oclc/3207670&referer=brief_results
942 _2ddc
_cBK
999 _c1361
_d1361